000 00284nam a22001337a 4500
008 170824b xxu||||| |||| 00| 0 eng d
020 _a2900321744646
041 _aeng
080 _a51
100 _a38
101 _aMAT
245 _aCOLLEGE ALGEBRA
_cSULLIVAN,M
942 _2udc
_cBK
999 _c24832
_d24832